00213nam a2200085Ia 4500008004100000100002000041245003600061260002100097260000900118170620s9999 xx 000 0 und d aEd. Sharma- S.R 0aEducation and Democratic Values bNew Delhi- Cosmo c2006